Un caso de historia de la ciencia para aprender naturaleza de la ciencia : (Record no. 200657)

MARC details
000 -CABECERA
campo de control de longitud fija 01694cab a2200289 ab4500
005 - FECHA Y HORA DE LA ÚLTIMA TRANSACCIÓN
campo de control 20241106122354.0
008 - ELEMENTOS DE LONGITUD FIJA--INFORMACIÓN GENERAL
campo de control de longitud fija 991125c2016 sp tr p o 000 0 spa d
035 ## - NÚMERO DE CONTROL DEL SISTEMA
Número de control de sistema UPN01000228562
040 ## - FUENTE DE LA CATALOGACIÓN
Centro catalogador/agencia de origen MX-MxUPN
Lengua de catalogación spa
Centro/agencia transcriptor MX-MxUPN
Normas de descripción aacr2
049 ## - COLECCIÓN
Colección ART-E
100 1# - ASIENTO PRINCIPAL--NOMBRE PERSONAL
Nombre de persona Acevedo Díaz, José Antonio
Enlace - ja_acevedo@vodafone.es
100 1# - ASIENTO PRINCIPAL--NOMBRE PERSONAL
Nombre de persona García Carmona, Antonio
100 1# - ASIENTO PRINCIPAL--NOMBRE PERSONAL
Nombre de persona Aragón, María del Mar
245 10 - MENCIÓN DE TÍTULO
Título Un caso de historia de la ciencia para aprender naturaleza de la ciencia :
Resto del título Semmelweis y la fiebre puerperal
506 0# - NOTA DE RESTRICCIONES AL ACCESO
Limitaciones de acceso Acceso abierto
520 3# - NOTA DE RESUMEN, ETC.
Sumario, etc. Se presenta el caso Semmelweis como un relato de la Historia de la Ciencia interesante para abordar en las clases de ciencias algunas cuestiones de Naturaleza de la Ciencia (NDC), desde un enfoque explícito y reflexivo. La propuesta se dirige a la formación de futuro profesorado de ciencias de Educación Secundaria en NDC y su didáctica. Se presta atención tanto a los aspectos epistémicos como a los no-epistémicos en el texto del caso y en las cuestiones que se plantean. Asimismo, se proponen algunas recomendaciones metodológicas para su implementación y evaluación en el aula. Eureka
653 0# - TERMINO DE INDIZACION - NO CONTROLADO
Término no controlado Historia de la ciencia
653 0# - TERMINO DE INDIZACION - NO CONTROLADO
Término no controlado Naturaleza de la ciencia
653 0# - TERMINO DE INDIZACION - NO CONTROLADO
Término no controlado Enseñanza de las ciencias
653 0# - TERMINO DE INDIZACION - NO CONTROLADO
Término no controlado Formación docente
773 ## - ENLACE AL DOCUMENTO FUENTE/ENTRADA DE REGISTRO ANFITRIÓN
Parte(s) relacionada(s) Vol. 13, no. 2 (2016), p. 408-422
Título Revista Eureka sobre enseñanza y divulgación de las ciencias
Número Internacional Normalizado para Publicaciones Seriadas 1697-011X
856 4# - LOCALIZACIÓN Y ACCESO ELECTRÓNICOS
Identificador Uniforme del Recurso <a href="https://revistas.uca.es/index.php/eureka/article/view/2976">https://revistas.uca.es/index.php/eureka/article/view/2976</a>
856 4# - LOCALIZACIÓN Y ACCESO ELECTRÓNICOS
Identificador Uniforme del Recurso <a href="http://dx.doi.org/10.25267/Rev_Eureka_ensen_divulg_cienc.2016.v13.i2.13">http://dx.doi.org/10.25267/Rev_Eureka_ensen_divulg_cienc.2016.v13.i2.13</a>
902 ## - ELEMENTOS DE DATOS B LOCAL, LDB (RLIN)
Creó Leonor Sotres/061124
905 ## - TIPO DE MATERIAL
Tipo de material Articulo
942 ## - ELEMENTOS DE PUNTO DE ACCESO ADICIONAL (KOHA)
Tipo de ítem Koha Artículo Electrónico
Holdings
Estado de retiro Estado de pérdida Estado dañado No para préstamo Código de colección Localización permanente Ubicación/localización actual Ubicación en estantería Fecha de adquisición Total de préstamos Fecha visto por última vez Identificador Uniforme del Recurso Precio válido a partir de Tipo de ítem Koha
        Acceso abierto Bib. Gregorio Torres Quintero Bib. Gregorio Torres Quintero En línea 06/11/2024   06/11/2024 https://revistas.uca.es/index.php/eureka/article/view/2976 06/11/2024 Artículo Electrónico